Economics of intensive crop rotations in Farrukhabad district (Record no. 13168)
[ view plain ]
| 000 -LEADER | |
|---|---|
| fixed length control field | 00560nam a2200157Ia 4500 |
| 082 ## - DEWEY DECIMAL CLASSIFICATION NUMBER | |
| Classification number | TC.0065 |
| 100 ## - MAIN ENTRY--AUTHOR NAME | |
| Personal name | Chauhan, Yogendra Singh |
| 245 #0 - TITLE STATEMENT | |
| Title | Economics of intensive crop rotations in Farrukhabad district |
| 260 ## - PUBLICATION, DISTRIBUTION, ETC. (IMPRINT) | |
| Year of publication | 1973 |
| Name of publisher | University of Kanpur |
| 300 ## - PHYSICAL DESCRIPTION | |
| Number of Pages | 335 |
| 650 ## - SUBJECT ADDED ENTRY--TOPICAL TERM | |
| Topical Term | Agriculture |
| Form subdivision | India |
| -- | Farrukhbad District (Uttar Pradesh) |
| 650 ## - SUBJECT ADDED ENTRY--TOPICAL TERM | |
| Topical Term | Crop rotation |
| Form subdivision | India |
| -- | Farrukhbad District (Uttar Pradesh) |
| 650 ## - SUBJECT ADDED ENTRY--TOPICAL TERM | |
| Topical Term | Intensive Agricultural District Programme |
| Form subdivision | India |
| -- | Farrukhbad District (Uttar Pradesh) |
| 710 ## - ADDED ENTRY--CORPORATE NAME | |
| Corporate name or jurisdiction name as entry element | Sharma, S.S |
| 942 ## - ADDED ENTRY ELEMENTS (KOHA) | |
| Koha item type | Thesis |
| Source of classification or shelving scheme | Dewey Decimal Classification |
| Withdrawn status | Lost status | Damaged status | Not for loan | Home library | Current library | Date acquired | Full call number | Accession Number | Price effective from | Koha item type |
|---|---|---|---|---|---|---|---|---|---|---|
| NASSDOC Library | NASSDOC Library | 08/10/2004 | TC.0065 | 11091 | 18/04/2019 | Thesis |
